[Event "BLR-ch sf"]
[Site "Minsk"]
[Date "2023.12.12"]
[Round "6"]
[White "Halavan, Ihar"]
[Black "Arlou, Valery"]
[Result "1-0"]
[WhiteElo "1190"]
[BlackElo "1394"]
[PlyCount "127"]
[EventDate "2023.12.07"]
[EventType "swiss"]
[EventRounds "9"]
[EventCountry "BLR"]
[SourceTitle "CB51_2023"]
[SourceDate "2023.12.20"]
[SourceVersion "1"]
[SourceVersionDate "2023.12.20"]
[SourceQuality "1"]

1. d4 d5 2. c4 c6 3. cxd5 cxd5 4. Nf3 Nf6 5. Nc3 e6 6. Bf4 Qb6 7. Qc2 Bd7 8. e3 Na6 9. a3 Be7 10. Bd3 0-0 11. Ne5 Rfd8 12. Rc1 Be8 13. 0-0 Nb8 14. h3 a6 15. Kh1 Bc6 16. Rg1 Nbd7 17. g4 Nf8 18. h4 Rac8 19. h5 Bb5 20. Qe2 Ne4 21. Nxe4 dxe4 22. Bxb5 axb5 23. g5 Bd6 24. g6 fxg6 25. hxg6 hxg6 26. Rxc8 Rxc8 27. Nxg6 Bxf4 28. Nxf4 Qc6 29. Qg4 Rc7 30. Nh5 g6 31. Nf4 Rh7+ 32. Kg2 Qe8 33. Kf1 b4 34. Ne2 Qc6 35. axb4 Qc2 36. Nc3 Qd3+ 37. Kg2 Qc4 38. Nxe4 Rf7 39. Rh1 Qd5 40. f3 Qf5 41. Qxf5 exf5 42. Nc5 b6 43. Nd3 Re7 44. Kf2 Kg7 45. Rc1 Rb7 46. Nf4 Kf7 47. Rc6 Rb8 48. Nd5 Nd7 49. b5 g5 50. e4 Rh8 51. e5 Nf8 52. Rf6+ Kg7 53. Kg2 Nd7 54. Rd6 Nf8 55. Rxb6 Kf7 56. Rf6+ Kg7 57. b6 Nd7 58. Rd6 Nb8 59. b7 Rh4 60. Nf6 Rh8 61. Nd7 Kf7 62. Nxb8 Rxb8 63. Rb6 Ke7 64. d5 1-0

[Event "BLR-ch sf"]
[Site "Minsk"]
[Date "2023.12.09"]
[Round "3"]
[White "Yarotski, Aliaksei"]
[Black "Arlou, Valery"]
[Result "0-1"]
[WhiteElo "1250"]
[BlackElo "1394"]
[PlyCount "80"]
[EventDate "2023.12.07"]
[EventType "swiss"]
[EventRounds "9"]
[EventCountry "BLR"]
[SourceTitle "CB51_2023"]
[SourceDate "2023.12.20"]
[SourceVersion "1"]
[SourceVersionDate "2023.12.20"]
[SourceQuality "1"]

1. d4 d5 2. Nf3 e6 3. c4 c6 4. Nc3 Nf6 5. Bg5 Be7 6. e3 Nbd7 7. Qc2 h6 8. Bh4 0-0 9. Be2 dxc4 10. Bxc4 b5 11. Bd3 Bb7 12. 0-0 a6 13. Qe2 c5 14. e4 cxd4 15. Nb1 Nc5 16. Nbd2 Nh5 17. Bg3 Nxg3 18. hxg3 Rc8 19. a3 Na4 20. Nb3 Bc5 21. Rfd1 Bb6 22. Rd2 Qd6 23. e5 Qd5 24. Bc2 Rxc2 25. Rad1 Rxd2 26. Nbxd2 Nxb2 27. Rb1 Na4 28. Qd3 Rc8 29. Re1 Rc3 30. Qe2 d3 31. Qd1 Rc2 32. Kh2 Nc3 33. Qa1 Bxf2 34. Rc1 Bxg3+ 35. Kh1 Bxe5 36. Re1 Bf6 37. Rg1 Ne2 38. Qe1 Nxg1 39. Kxg1 Qc5+ 40. Kh2 Qc7+ 0-1

[Event "Minsk Kupreichik Memorial rapid"]
[Site "Minsk"]
[Date "2019.08.15"]
[Round "2"]
[White "Arlou, Valery"]
[Black "Naumovich, Yaroslav"]
[Result "0-1"]
[WhiteElo "1759"]
[BlackElo "1868"]
[PlyCount "90"]
[EventDate "2019.08.15"]
[EventType "swiss (rapid)"]
[EventRounds "10"]
[EventCountry "BLR"]
[SourceTitle "CBM 191 Extra"]
[Source "ChessBase"]
[SourceDate "2019.09.30"]
[SourceVersion "1"]
[SourceVersionDate "2019.09.30"]
[SourceQuality "1"]

1. d4 Nf6 2. Nf3 d5 3. Bg5 c5 4. e3 Nc6 5. c3 Bg4 6. h3 Bh5 7. Be2 e6 8. Ne5 Bxe2 9. Qxe2 Qb6 10. 0-0 Ne4 11. Bf4 Be7 12. f3 Nd6 13. dxc5 Qxc5 14. Nd2 Nxe5 15. Bxe5 0-0 16. Kh2 f6 17. Bd4 Qc7 18. e4 Nxe4+ 19. Kg1 Nxd2 20. Qxd2 e5 21. Bf2 Rad8 22. Qe2 Rfe8 23. Rad1 a6 24. Qc2 Qc4 25. b3 Qc6 26. Qb2 Rc8 27. Rc1 Red8 28. Rfd1 f5 29. Qb1 g6 30. h4 Ba3 31. Rc2 Bc5 32. Bxc5 Qxc5+ 33. Kh2 d4 34. c4 d3 35. Rcd2 e4 36. fxe4 fxe4 37. Qb2 Rf8 38. Qc3 Rf4 39. g3 Rf2+ 40. Rxf2 Qxf2+ 41. Kh3 Rd8 42. Rd2 Qf5+ 43. Kh2 e3 44. Rd1 e2 45. Qe1 exd1Q 0-1

[Event "Minsk Kupreichik Memorial op"]
[Site "Minsk"]
[Date "2018.06.22"]
[Round "7"]
[White "Arlou, Valery"]
[Black "Drobyshevsky, Vasily"]
[Result "0-1"]
[WhiteElo "1743"]
[BlackElo "1441"]
[PlyCount "89"]
[EventDate "2018.06.21"]
[EventType "swiss (rapid)"]
[EventRounds "11"]
[EventCountry "BLR"]
[SourceTitle "CBM 185 Extra"]
[Source "ChessBase"]
[SourceDate "2018.07.29"]
[SourceVersion "1"]
[SourceVersionDate "2018.07.29"]
[SourceQuality "1"]

1. c4 c5 2. Nc3 Nc6 3. e4 e6 4. g3 Nf6 5. Bg2 Be7 6. Nge2 0-0 7. 0-0 d6 8. d4 cxd4 9. Nxd4 Nxd4 10. Qxd4 e5 11. Qd3 h6 12. b3 a6 13. Rd1 Qc7 14. Bb2 Bd7 15. Rac1 Rad8 16. b4 Qb8 17. b5 axb5 18. cxb5 Be6 19. Nd5 Nxd5 20. exd5 Bd7 21. b6 Rc8 22. h4 Rxc1 23. Rxc1 Rc8 24. Rc4 Rxc4 25. Qxc4 Qc8 26. Qc7 Bd8 27. Qxd6 f6 28. Ba3 Kf7 29. Bc5 Bf5 30. h5 Kg8 31. Kh2 Kh7 32. f3 Qa8 33. a3 Qc8 34. Qf8 Qd7 35. Qd6 Qe8 36. g4 Bc2 37. Bf1 f5 38. Qf8 Qd7 39. Qd6 Qe8 40. Qe6 Qa4 41. Qg6+ Kh8 42. Qe8+ Qxe8 43. d6 fxg4 44. fxg4 Qf7 45. Bg2 0-1

[Event "Minsk Kupreichik Memorial op"]
[Site "Minsk"]
[Date "2018.06.21"]
[Round "2"]
[White "Arlou, Valery"]
[Black "Cherepov, Alexej"]
[Result "0-1"]
[WhiteElo "1743"]
[BlackElo "2175"]
[PlyCount "89"]
[EventDate "2018.06.21"]
[EventType "swiss (rapid)"]
[EventRounds "11"]
[EventCountry "BLR"]
[SourceTitle "CBM 185 Extra"]
[Source "ChessBase"]
[SourceDate "2018.07.29"]
[SourceVersion "1"]
[SourceVersionDate "2018.07.29"]
[SourceQuality "1"]

1. d4 d5 2. Nf3 Nf6 3. Bf4 c5 4. e3 Nc6 5. c3 Bg4 6. Nbd2 e6 7. Bd3 Be7 8. h3 Bh5 9. 0-0 0-0 10. Rc1 Re8 11. g4 Bg6 12. Bxg6 hxg6 13. Ne5 Qb6 14. Qc2 Rac8 15. Ndf3 Ne4 16. Nxc6 bxc6 17. Ne5 Red8 18. f3 Nf6 19. Qb3 Qa6 20. a3 c4 21. Qc2 Rb8 22. Qh2 Rb3 23. Rc2 Qb7 24. Rff2 Ne8 25. h4 c5 26. g5 cxd4 27. exd4 Bd6 28. h5 Bxe5 29. Bxe5 Qe7 30. Bf4 Nd6 31. hxg6 fxg6 32. Bxd6 Rxd6 33. Qe5 Rb8 34. f4 Rf8 35. Rce2 Rf5 36. Qe3 Rb6 37. Kg2 Kf7 38. Kg3 Qb7 39. Rh2 Qb8 40. Qf2 Rxg5+ 41. Kf3 Rf5 42. Ke3 g5 43. Qf3 gxf4+ 44. Kf2 Rxb2 45. Ke1 0-1

[Event "Minsk Bronstein Memorial op"]
[Site "Minsk"]
[Date "2017.02.18"]
[Round "1"]
[White "Arlou, Valery"]
[Black "Grib, Roman"]
[Result "0-1"]
[WhiteElo "1779"]
[BlackElo "2415"]
[PlyCount "75"]
[EventDate "2017.02.18"]
[EventType "swiss (rapid)"]
[EventRounds "10"]
[EventCountry "BLR"]
[SourceTitle "EXT 2018"]
[Source "ChessBase"]
[SourceDate "2017.10.13"]
[SourceVersion "1"]
[SourceVersionDate "2017.10.13"]
[SourceQuality "1"]

1. d4 Nf6 2. Nf3 b6 3. Bf4 Bb7 4. Nbd2 g6 5. e3 Bg7 6. Bc4 0-0 7. 0-0 c5 8. c3 Nc6 9. h3 d6 10. Qe2 Rc8 11. Rad1 Qc7 12. a3 Na5 13. Ba2 Bd5 14. Bxd5 Nxd5 15. Bg3 cxd4 16. exd4 Nc4 17. Nxc4 Qxc4 18. Qxc4 Rxc4 19. Rfe1 b5 20. Nd2 Rc6 21. Nb3 f5 22. Bh4 Kf7 23. f3 Bh6 24. Bf2 Ra8 25. Nc1 Bxc1 26. Rxc1 a5 27. Ra1 Rb8 28. g3 b4 29. axb4 axb4 30. Ra7 bxc3 31. bxc3 Rxc3 32. f4 Rc7 33. Ra5 Nc3 34. d5 Ne4 35. g4 Rc2 36. Bd4 Rb3 37. gxf5 Rg3+ 38. Kh1 0-1

[Event "Rodatychi op"]
[Site "Rodatychi"]
[Date "2006.08.29"]
[Round "5"]
[White "Arlou, Valery"]
[Black "Omelja, Artem"]
[Result "0-1"]
[WhiteElo "1982"]
[BlackElo "2153"]
[PlyCount "128"]
[EventDate "2006.08.27"]
[EventType "swiss"]
[EventRounds "9"]
[EventCountry "UKR"]
[SourceTitle "EXT 2008"]
[Source "ChessBase"]
[SourceDate "2007.11.25"]
[SourceVersion "1"]
[SourceVersionDate "2007.11.25"]
[SourceQuality "1"]

1. d4 Nf6 2. Nf3 g6 3. Bg5 Bg7 4. e3 0-0 5. Nbd2 d6 6. Be2 Nbd7 7. 0-0 h6 8. Bh4 e5 9. Bxf6 Qxf6 10. c3 Qe7 11. Qc2 f5 12. dxe5 dxe5 13. Bc4+ Kh7 14. e4 f4 15. Rfd1 g5 16. Bf1 g4 17. Ne1 h5 18. Nd3 a5 19. b4 b6 20. Rab1 Bb7 21. bxa5 Rxa5 22. Nb4 Nf6 23. c4 c6 24. Nd3 Nd7 25. Nb3 Ra3 26. c5 Rfa8 27. Rb2 b5 28. Ndc1 Nf6 29. Qd3 Bf8 30. Rbd2 Kg7 31. Qc2 Qe6 32. Rd8 Be7 33. R8d2 R3a4 34. Re1 Bc8 35. Bd3 Bd7 36. Qd1 Be8 37. Qc2 Bg6 38. Rdd1 Bf8 39. Nd2 Qe7 40. Ndb3 R8a7 41. Qb1 Nd7 42. Bc2 Qe6 43. Qb2 Ra3 44. Nd3 Rxa2 45. Qc3 Qc4 46. Qxc4 bxc4 47. Bb1 cxb3 48. Bxa2 bxa2 49. Nb4 Bxc5 50. Nxc6 Rc7 51. Na5 Bd4 52. Nb3 Rc4 53. Nxd4 exd4 54. Ra1 Rc2 55. f3 gxf3 56. gxf3 Ne5 57. Rf1 d3 58. Rf2 Bf7 59. Kf1 Rxf2+ 60. Kxf2 Bb3 61. h4 Nc4 62. Rg1+ Kf7 63. Ra1 d2 64. Ke2 d1Q+ 0-1